000 00513nam a2200181Ia 4500
008 090123s9999 xx 000 0 und d
082 _b3170
_a891.463/जोशी
100 _aजोशी श्री.ज.
245 _aसमिधा
250 _a1
260 _bकेसरी मुद्रणालय
_c1973
300 _a138
600 _aजोशी श्री.ज.
630 _aसमिधा
700 _aजोशी श्री.ज.
730 _aसमिधा
942 _cBOOK
999 _c41250
_d41250